| 000 | 00670nam a2200241Ia 4500 | ||
|---|---|---|---|
| 003 | 0100 | ||
| 008 | 130303s9999 xx 000 0 und d | ||
| 020 | _a0195127382 | ||
| 040 | _cARRUPELIB | ||
| 050 | _aB1499.M5E37 2000 | ||
| 100 | _aEarman, John | ||
| 245 | _aHume's abject failure | ||
| 245 | _bthe arguement against miracles | ||
| 260 | _aOxford | ||
| 260 | _bOxford University Press | ||
| 260 | _C2000 | ||
| 300 | _a217p. | ||
| 300 | _b 23cm | ||
| 650 | _bSpiritual life - Anglican authors | ||
| 650 | _cSeneca Indians - Religion and mythology | ||
| 650 | _dIndians of North America - New York (State) - Religion and mythology | ||
| 942 |
_2lcc _04 |
||
| 999 |
_c63647 _d63647 |
||